A convivn̊cia familiar e comunitr̀ia e o acolhimento institucional

Detalles Bibliográficos
Autor principal: Cirqueira De Souza, Jadir
Formato: Libro
Lenguaje:portugués
Publicado: Brasil Pillares 2014
Materias:
Acceso en línea:Acceso restringido

MARC

LEADER 00000nam a22000007a 4500
005 20160224132742.0
007 cr|||| ||u|
008 160224s bl ||||| |||| 00||0 por d
020 |a 978-85-8183-037-7 
035 |a 13107 
040 |a vLex 
090 |c 5926  |d 5926 
100 1 |a Cirqueira De Souza, Jadir  
245 1 0 |a A convivn̊cia familiar e comunitr̀ia e o acolhimento institucional  |h [Recurso electrn̤ico] /  |c Jadir Cirqueira De Souza 
256 |a Servicio en ln̕ea  
260 |a Brasil   |b Pillares  |c 2014 
300 |a 1 recurso electrn̤ico  
506 1 |a Contenido solo disponible en los productos indicados   |d vLex Global  |d vLex Global (Academic Edition, excluding Law Schools)  |d vLex Global (U.S. Academic Edition, Law Schools)  |d vLex Global (U.S. Academic Edition, excluding Law Schools)  |d vLex Global (Academic Edition, Law Schools) 
650 0 4 |a Derecho  |z Brasil 
740 0 4 |a vLex libros (servicio en ln̕ea)  
856 4 0 |u http://vlex.com/source/conviv-ncia-familiar-e-comunitaria-e-o-acolhimento-institucional-13107  |z Acceso restringido  
942 |c BOOK 
999 0 |a Law